000 00567 a2200169 4500
003 NUST
005 20221207173336.0
040 _cNust
082 _a297,KHA
100 _a Khan, Maulana Wahidudin
_9104376
245 _aIslam :
_bthe voice of human nature /
_cMaulana Wahiduddin Khan
260 _aKarachi
_bDarul Ishaat
_c1996
300 _a127 p.:
505 _aThe Trial Of Man (Page-5), The Concept Of Monotheism (Page-8), Islam Is The Voice Of Human Nature (Page-35), The Hereafter (Page-55).
650 _aworship in islam
_9104377
942 _2ddc
_cBK
_k297,KHA
999 _c193690
_d193690